000 00645nam 22002293 4500
001 202093
021 _aPT
090 _a202093
100 _a20230714d u||y0pory50 ba
101 _apor
102 _aPT
200 _aEstrela Polar
_fVergílio Ferreira
_eromance
210 _aLisboa
_cPortugália
_d[19--?]
215 _a316, [3] p.
_cbrochado
_d20 cm
225 _aContemporânea
_h33
300 _aContém dedicatória na folha de rosto
606 _aLiteratura Portuguesa
_96
675 _a821.134.3-3
_vPT
_zpor
700 _91045
_aFerreira
_bVergílio
_f1916-1996
801 _aPT
_bBMMN
_gRPC
830 _cAna Falardo
_fAna Falardo
990 _cLIVROS